00413nam a22001577a 450000500170000000800410001702000230005804100080008108200120008910000180010124500230011926000660014230000180020850400160022665000130024220260509110103.0260509b |||||||| |||| 00| 0 eng d a9780521452823qhbk aeng a415 GOR aGorrell, Paul aSyntax and parsing aThe United States of AmericabCambridge Univesity Pressc1995 a180p. :c25cm aBib and Ref a Grammar